Data communications and networking (Record no. 610)
[ view plain ]
| 000 -LEADER | |
|---|---|
| fixed length control field | 00551nam a22001697a 4500 |
| 020 ## - ISBN | |
| International Standard Book Number | 9780071315869 |
| 050 ## - LIBRARY OF CONGRESS CALL NUMBER | |
| Classification Number | TK5105 |
| Item Number | .F66 2007 |
| 100 ## - MAIN ENTRY--Author | |
| Personal name | Forouzan, Behrouz A |
| 245 ## - TITLE | |
| Title | Data communications and networking |
| 250 ## - EDITIONSTATEMENT | |
| Edition statement | 5th Edition |
| Remainder of edition statement | Global Edition |
| 260 ## - PUBLICATION, DISTRIBUTION, ETC.(IMPRINT) | |
| Place of publication, distribution, etc | NewYork |
| Name of publisher, distributor, etc | McGraw Hill |
| Date of publication, distribution, etc | 2007 |
| 300 ## - PHYSICAL DESCRIPTION | |
| Extent | xxxvii, 1226p.: illustrations and tables |
| 500 ## - GENERALNOTE | |
| General note | includes index and bibliography |
| 650 ## - SUBJECT--TOPIC | |
| Topical term following geographic name as entry element | Computer networks, Data transmission systems |
| Form subdivision | book |
| General subdivision | PBK |
| 700 ## - ADDED ENTRY--PERSONAL AUTHOR | |
| Personal Name | Fegan, Sophia Chung; Coombs, Catherine Ann |
| 942 ## - ADDED ENTRY ELEMENTS(KOHA) | |
| Koha item type | General circulation |
| Source of classification or shelving scheme | Not for loan | Location (home branch) | Sublocation (holding branch) | Date accessioned | Cost, normal purchase price | Full call number | Barcode | Copy number | Cost, replacement price | Nonpublic note | Koha item type | Public note |
|---|---|---|---|---|---|---|---|---|---|---|---|---|
| Library of Congress Classification | Main Campus Library | SEKU-BINDERY | 09/08/2014 | 13966.98 | TK5105 .F66 2007 | 015058 | C.1 | 14466.00 | BONNIE | General circulation | BONNIE |